[Event "Jack Taylor mem Online"]
[Site "chess.com"]
[Date "2020.10.24"]
[Round "2.1"]
[White "Lehingrat, Callum"]
[Black "Zhang, Joyce"]
[Result "1/2-1/2"]
[WhiteElo "1913"]
[BlackElo "1383"]
[PlyCount "115"]
[EventDate "2020.10.24"]
[EventType "swiss (rapid)"]
[EventRounds "6"]
[EventCountry "CAN"]

1. d4 d5 2. c4 c6 3. Nf3 Nf6 4. g3 g6 5. Bg2 Bg7 6. Nc3 O-O 7. O-O Bf5 8. Qb3
b6 9. Ne5 Be6 10. cxd5 cxd5 11. Rd1 Na6 12. Bf4 Nc7 13. Qa3 Bd7 14. Nxd7 Qxd7
15. Bxc7 Qxc7 16. Nxd5 Nxd5 17. Bxd5 Rad8 18. Rac1 Qb8 19. Bb3 Bxd4 20. Qxe7
Bxb2 21. Rxd8 Qxd8 22. Bxf7+ Kg7 23. Qxd8 Rxd8 24. Rc7 a5 25. Kg2 Rf8 26. Bc4+
Kh8 27. e4 Bd4 28. f4 Re8 29. e5 Bc5 30. g4 Be3 31. Kf3 Bc5 32. Rd7 Bb4 33. e6
Re7 34. Rd8+ Kg7 35. Ke4 Rc7 36. Bb3 Be7 37. Rb8 Bc5 38. g5 Re7 39. h4 Bf2 40.
h5 h6 41. hxg6 Kxg6 42. Ke5 Bg3 43. gxh6 Kxh6 44. Kd6 Rh7 45. Rf8 Bf2 46. Rf6+
Kh5 47. Rf5+ Kg4 48. Rf7 Rxf7 49. exf7 Kxf4 50. Kd7 Bc5 51. a4 Ke4 52. Ke8 Kd4
53. f8=Q Bxf8 54. Kxf8 Kc3 55. Bd1 Kb4 56. Ke7 b5 57. axb5 Kxb5 58. Kd6 1/2-1/2

[Event "Jack Taylor mem Online"]
[Site "chess.com"]
[Date "2020.10.24"]
[Round "2.2"]
[White "Pitre, Hanniegn"]
[Black "Spasojevic, Luka"]
[Result "0-1"]
[WhiteElo "1864"]
[BlackElo "1266"]
[PlyCount "80"]
[EventDate "2020.10.24"]
[EventType "swiss (rapid)"]
[EventRounds "6"]
[EventCountry "CAN"]

1. e4 c5 2. b4 e6 3. bxc5 Bxc5 4. d4 Be7 5. Nf3 d6 6. Bd3 Qc7 7. O-O Nf6 8. h3
O-O 9. Be3 b6 10. c4 Bb7 11. Nc3 a6 12. Rc1 Nbd7 13. Re1 Rac8 14. e5 Bxf3 15.
Qxf3 dxe5 16. Ne4 Nxe4 17. Bxe4 exd4 18. Bxd4 Nf6 19. Be5 Qd7 20. Bb1 Qc6 21.
Qg3 Rfd8 22. Qh4 h6 23. Re3 Nd5 24. Qg3 f6 25. Qg6 fxe5 26. Qh7+ Kf8 27. Bg6
Bf6 28. Ree1 Nf4 29. Be4 Qc5 30. Re3 Ke7 31. Bd3 Nxd3 32. Rxd3 Rxd3 33. Qxd3
Rd8 34. Qf3 Qc7 35. Qa3+ Kf7 36. Qxa6 Rd7 37. Qa3 Kg8 38. Qf3 Rd4 39. Qh5 Rxc4
40. Qe8+ Kh7 0-1

[Event "Jack Taylor mem Online"]
[Site "chess.com"]
[Date "2020.10.24"]
[Round "2.3"]
[White "Sullivan, Brian"]
[Black "Caluza, Severo (Juni)"]
[Result "0-1"]
[WhiteElo "1335"]
[BlackElo "1835"]
[PlyCount "84"]
[EventDate "2020.10.24"]
[EventType "swiss (rapid)"]
[EventRounds "6"]
[EventCountry "CAN"]

1. d4 c6 2. c4 Nf6 3. Nc3 d5 4. Nf3 e6 5. e3 Bb4 6. Bd3 Nbd7 7. O-O O-O 8. Bd2
a6 9. Qc2 h6 10. e4 dxc4 11. Bxc4 c5 12. e5 Ne8 13. Rad1 cxd4 14. Nxd4 Nxe5 15.
Nce2 Bxd2 16. Rxd2 Qc7 17. Rc1 Bd7 18. Qb3 Bc6 19. Nxc6 Nxc6 20. Qe3 Nf6 21. h3
Rad8 22. Rdc2 Qe5 23. Qf4 Qxf4 24. Nxf4 Nb4 25. Rc3 b5 26. Bb3 Rd2 27. a3 Nbd5
28. Bxd5 exd5 29. R3c2 Rd4 30. Ne2 Rc4 31. b3 Rxc2 32. Rxc2 Rd8 33. Rd2 Ne4 34.
Rd3 Nc5 35. Rc3 Ne4 36. Rc7 d4 37. Re7 f5 38. Nf4 d3 39. Ne6 d2 40. Rxg7+ Kh8
41. Rf7 d1=Q+ 42. Kh2 Qd6+ 0-1

[Event "Jack Taylor mem Online"]
[Site "chess.com"]
[Date "2020.10.24"]
[Round "2.4"]
[White "Zheng, Yawen"]
[Black "Luu, Tran Nguyen Khoi"]
[Result "1/2-1/2"]
[WhiteElo "1256"]
[BlackElo "1776"]
[PlyCount "168"]
[EventDate "2020.10.24"]
[EventType "swiss (rapid)"]
[EventRounds "6"]
[EventCountry "CAN"]

1. c4 e5 2. Nc3 Nc6 3. g3 g6 4. Bg2 Bg7 5. d3 d6 6. Nf3 f5 7. O-O Nf6 8. Rb1
O-O 9. b4 h6 10. b5 Ne7 11. Nd2 a6 12. Qb3 axb5 13. Nxb5 Kh8 14. Ba3 Rb8 15.
Rfc1 b6 16. Bb4 Bb7 17. a4 Bxg2 18. Kxg2 Nc6 19. Ra1 Nxb4 20. Qxb4 Nd7 21. a5
bxa5 22. Qxa5 Nb6 23. c5 dxc5 24. Rxc5 Ra8 25. Na7 e4 26. Rac1 exd3 27. exd3
Qxd3 28. Rxc7 Qd5+ 29. Qxd5 Nxd5 30. Rd7 Rfd8 31. Rxd8+ Rxd8 32. Nf3 Ra8 33.
Rd1 Nf4+ 34. gxf4 Rxa7 35. Rd6 Ra4 36. Kg3 g5 37. fxg5 hxg5 38. Rd8+ Kh7 39.
Nxg5+ Kg6 40. f4 Ra3+ 41. Kh4 Ra4 42. Kg3 Ra3+ 43. Nf3 Bh6 44. Rd6+ Kg7 45. h4
Ra4 46. Nd4 Ra3+ 47. Nf3 Ra4 48. Rd4 Ra3 49. h5 Rb3 50. Rd7+ Kg8 51. Rd6 Kg7
52. Rg6+ Kh7 53. Rf6 Bg7 54. Rxf5 Kh6 55. Kg4 Rb2 56. Nh4 Rb1 57. Kg3 Rg1+ 58.
Ng2 Rh1 59. Nh4 Rg1+ 60. Kf3 Rh1 61. Ng6 Rxh5 62. Rxh5+ Kxh5 63. f5 Kg5 64. Ke4
Kf6 65. Nf4 Kf7 66. Nh5 Bh8 67. Kd5 Bc3 68. Kd6 Bb4+ 69. Kd7 Bc3 70. Kd6 Bb4+
71. Ke5 Bc3+ 72. Ke4 Bb2 73. Nf4 Bf6 74. Nd5 Bb2 75. Kf4 Bc1+ 76. Ke4 Bb2 77.
Nf4 Bf6 78. Nd3 Ke7 79. Kd5 Kf7 80. Nc5 Bh8 81. Ne4 Ke7 82. Kc6 Be5 83. Kd5 Bh8
84. f6+ Bxf6 1/2-1/2

[Event "Jack Taylor mem Online"]
[Site "chess.com"]
[Date "2020.10.24"]
[Round "2.5"]
[White "Leong, Aiden"]
[Black "Hughes-Dupuy, Henry"]
[Result "0-1"]
[WhiteElo "1251"]
[BlackElo "1735"]
[PlyCount "98"]
[EventDate "2020.10.24"]
[EventType "swiss (rapid)"]
[EventRounds "6"]
[EventCountry "CAN"]

1. c4 Nf6 2. Nc3 e5 3. g3 c6 4. Bg2 d5 5. cxd5 cxd5 6. e3 Nc6 7. Nge2 e4 8. d4
Bd7 9. O-O Bd6 10. a3 O-O 11. Qb3 Na5 12. Qc2 Rc8 13. Bd2 Nc4 14. Rfd1 a6 15.
Qb3 b6 16. Rac1 Qe7 17. Nxd5 Nxd5 18. Rxc4 Qe6 19. Rxc8 Rxc8 20. Bh3 Qxh3 21.
Qxd5 Bg4 22. Qxd6 Bxe2 23. g4 Qxg4+ 24. Qg3 Bxd1 25. Bc3 Qxg3+ 26. hxg3 Bf3 27.
Kh2 Rc6 28. g4 Bxg4 29. Kg3 Rxc3 30. bxc3 Bd7 31. Kf4 f5 32. Ke5 Kf7 33. Kd6
Ke8 34. Kc7 b5 35. Kd6 h5 36. Ke5 g5 37. Kf6 h4 38. d5 h3 39. f4 gxf4 40. exf4
h2 41. d6 h1=Q 42. a4 Qh6+ 43. Ke5 e3 44. a5 e2 45. c4 e1=Q+ 46. Kd4 Qf2+ 47.
Kc3 Qh3+ 48. Kb4 Qd3 49. c5 Qxf4# 0-1

[Event "Jack Taylor mem Online"]
[Site "chess.com"]
[Date "2020.10.24"]
[Round "2.6"]
[White "Zhou, Alex"]
[Black "Jayawardena, Dinusha"]
[Result "1/2-1/2"]
[WhiteElo "1232"]
[BlackElo "1601"]
[PlyCount "63"]
[EventDate "2020.10.24"]
[EventType "swiss (rapid)"]
[EventRounds "6"]
[EventCountry "CAN"]

1. e4 c5 2. Nf3 d6 3. d4 cxd4 4. Nxd4 Nf6 5. Nc3 g6 6. f3 Bg7 7. Be3 Nc6 8. Qd2
O-O 9. O-O-O d5 10. Bb5 Nxd4 11. Bxd4 dxe4 12. fxe4 Bg4 13. Be2 Bxe2 14. Qxe2
Qa5 15. Kb1 Rac8 16. Rhf1 e5 17. Bf2 Qb4 18. a3 Qa5 19. Bh4 Nh5 20. Be7 Rfe8
21. Bb4 Qa6 22. Qf2 f6 23. Rd6 Rc6 24. Rxc6 bxc6 25. Rd1 Qb7 26. Ne2 Bf8 27.
Bxf8 Rxf8 28. Rd6 c5 29. Qxc5 Qxe4 30. Nc3 Qxg2 31. Rd7 Qf1+ 32. Nd1 1/2-1/2

[Event "Jack Taylor mem Online"]
[Site "chess.com"]
[Date "2020.10.24"]
[Round "2.8"]
[White "Huang, Winston"]
[Black "Imoo, Joshua"]
[Result "0-1"]
[WhiteElo "1122"]
[BlackElo "1537"]
[PlyCount "62"]
[EventDate "2020.10.24"]
[EventType "swiss (rapid)"]
[EventRounds "6"]
[EventCountry "CAN"]

1. d4 d5 2. c4 e6 3. Nc3 Nf6 4. Bg5 Be7 5. Nf3 O-O 6. e3 b6 7. Bd3 Bb7 8. O-O
h6 9. Bh4 Nbd7 10. h3 c5 11. b3 Rc8 12. Re1 Ne4 13. Bxe7 Qxe7 14. Bxe4 dxe4 15.
Nd2 f5 16. f3 exf3 17. Nxf3 Nf6 18. Ne5 Ne4 19. Ng6 Qg5 20. Nxf8 Nxc3 21. Qc2
Rxf8 22. d5 Ne4 23. dxe6 Re8 24. Rad1 Bc6 25. a3 Rxe6 26. b4 Rg6 27. Re2 Nc3
28. Qxc3 Bxg2 29. Rd8+ Kh7 30. Qe1 Bf1+ 31. Kxf1 Qg1# 0-1

[Event "Jack Taylor mem Online"]
[Site "chess.com"]
[Date "2020.10.24"]
[Round "2.9"]
[White "Pillai, Varun"]
[Black "Dunikov, Glib"]
[Result "1-0"]
[WhiteElo "1087"]
[BlackElo "1471"]
[PlyCount "95"]
[EventDate "2020.10.24"]
[EventType "swiss (rapid)"]
[EventRounds "6"]
[EventCountry "CAN"]

1. e4 c5 2. Nf3 Nc6 3. d4 cxd4 4. Nxd4 g6 5. Nc3 Bg7 6. Be3 Nf6 7. Bc4 O-O 8.
Bb3 Ng4 9. Qxg4 Nxd4 10. Qd1 Nc6 11. O-O d6 12. h3 Bd7 13. f4 Na5 14. f5 Nxb3
15. cxb3 Bc6 16. Qg4 Qd7 17. Rac1 Rac8 18. Bxa7 b5 19. Be3 b4 20. Ne2 Bxb2 21.
Rc4 Qb7 22. Nf4 Bc3 23. fxg6 fxg6 24. Qe6+ Kg7 25. Nh5+ Kh8 26. Rxf8+ Rxf8 27.
Rxc3 h6 28. Rxc6 gxh5 29. Qxh6+ Kg8 30. Qg6+ Kh8 31. Bd4+ Rf6 32. Bxf6+ exf6
33. Qxf6+ Kg8 34. Qxd6 Qa7+ 35. Kh1 Qg7 36. Qd8+ Kh7 37. Rc7 Kg6 38. Rxg7+ Kxg7
39. e5 Kf7 40. Qf6+ Ke8 41. e6 h4 42. Qf7+ Kd8 43. e7+ Kd7 44. e8=Q+ Kd6 45.
Qfd7+ Kc5 46. Qec8+ Kb6 47. Qdb7+ Ka5 48. Qca8# 1-0

[Event "Jack Taylor mem Online"]
[Site "chess.com"]
[Date "2020.10.24"]
[Round "2.10"]
[White "Escandor, Manuel Omana"]
[Black "O'Connor-Richardson, Darien"]
[Result "0-1"]
[WhiteElo "1450"]
[BlackElo "1082"]
[PlyCount "64"]
[EventDate "2020.10.24"]
[EventType "swiss (rapid)"]
[EventRounds "6"]
[EventCountry "CAN"]

1. e4 c5 2. f4 e6 3. Nf3 d5 4. exd5 exd5 5. Be2 Nc6 6. O-O Bd6 7. d4 Nf6 8. Nc3
O-O 9. h3 Re8 10. Kh1 cxd4 11. Nxd4 Bc5 12. Nf3 d4 13. Na4 Bd6 14. Bb5 Bd7 15.
b3 Ne4 16. Kg1 a6 17. Bd3 Qc7 18. Bxe4 Rxe4 19. Ng5 Re7 20. Bd2 Rae8 21. Nb2 h6
22. Nf3 Bxf4 23. Bxf4 Qxf4 24. Nd3 Qg3 25. Nf2 Re2 26. Ne1 R8e3 27. Nh1 Qg5 28.
Nf2 Ne5 29. Qxd4 Rxe1 30. Ng4 Bxg4 31. Rfxe1 Nf3+ 32. Kh1 Nxd4 0-1

[Event "Jack Taylor mem Online"]
[Site "chess.com"]
[Date "2020.10.24"]
[Round "3.1"]
[White "Caluza, Severo (Juni)"]
[Black "Imoo, Joshua"]
[Result "0-1"]
[WhiteElo "1835"]
[BlackElo "1537"]
[PlyCount "122"]
[EventDate "2020.10.24"]
[EventType "swiss (rapid)"]
[EventRounds "6"]
[EventCountry "CAN"]

1. g3 d5 2. Bg2 Nf6 3. Nf3 c6 4. d3 Bf5 5. O-O e6 6. c3 Be7 7. Nbd2 O-O 8. Re1
Re8 9. Qb3 Qb6 10. e4 dxe4 11. Qxb6 axb6 12. dxe4 Bg6 13. e5 Nd5 14. Nc4 Nd7
15. Bg5 Bc5 16. Ncd2 h6 17. Be3 Nxe3 18. fxe3 b5 19. b4 Bb6 20. Nb3 Bc7 21. Nc5
Nxc5 22. bxc5 Ra3 23. Rec1 Ba5 24. c4 Bc3 25. cxb5 Bxa1 26. Rxa1 Rc3 27. bxc6
bxc6 28. Nd4 Rxc5 29. Nxc6 Kf8 30. a4 Rc8 31. a5 R5xc6 32. Bxc6 Rxc6 33. a6 Rc8
34. a7 Ra8 35. Ra4 Ke7 36. e4 Bh5 37. Kf2 f6 38. exf6+ Kxf6 39. Ke3 Bg4 40. e5+
Kg5 41. h4+ Kh5 42. Ra6 g5 43. hxg5 hxg5 44. Kd4 Kg6 45. Kc5 Kf5 46. Ra3 Kxe5
47. Kb6 Bf5 48. Ra5+ Kd4 49. Ra4+ Ke3 50. Kb7 Rh8 51. Kb6 Be4 52. Ra3+ Kf2 53.
Kc5 Bf3 54. Kd6 Kxg3 55. Kxe6 g4 56. Kf5 Kg2 57. Kf4 Rf8+ 58. Ke3 g3 59. Ra2+
Kh3 60. Ra3 Ba8 61. Rb3 Rf3+ 0-1

[Event "Jack Taylor mem Online"]
[Site "chess.com"]
[Date "2020.10.24"]
[Round "3.2"]
[White "Hughes-Dupuy, Henry"]
[Black "Pillai, Varun"]
[Result "0-1"]
[WhiteElo "1735"]
[BlackElo "1087"]
[PlyCount "96"]
[EventDate "2020.10.24"]
[EventType "swiss (rapid)"]
[EventRounds "6"]
[EventCountry "CAN"]

1. b3 d5 2. Bb2 Nf6 3. e3 Bf5 4. Nf3 e6 5. d3 Nc6 6. Be2 Bd6 7. h3 O-O 8. Nbd2
Re8 9. O-O h6 10. c4 Nb4 11. d4 Nd3 12. Bxd3 Bxd3 13. Re1 c6 14. c5 Bc7 15. b4
Bf5 16. a4 a6 17. Bc3 Ne4 18. Nxe4 Bxe4 19. Qe2 Qf6 20. Ne5 Qg5 21. f4 Qf6 22.
b5 axb5 23. axb5 cxb5 24. Qxb5 Bxe5 25. Rxa8 Rxa8 26. dxe5 Qg6 27. Re2 Rb8 28.
Ra2 Bd3 29. Qb6 Bc4 30. Rb2 d4 31. Bxd4 Bd5 32. Qa7 Rc8 33. Kh1 Qg3 34. Kg1
Qe1+ 35. Kh2 g5 36. fxg5 hxg5 37. Rxb7 g4 38. hxg4 Qh4+ 39. Kg1 Qe1+ 40. Kh2
Qf2 41. Rb2 Qh4+ 42. Kg1 Qe1+ 43. Kh2 Kg7 44. Rb8 Qf2 45. e4 Qf4+ 46. Kg1 Qc1+
47. Kh2 Qf4+ 48. Kg1 Qxe4 0-1

[Event "Jack Taylor mem Online"]
[Site "chess.com"]
[Date "2020.10.24"]
[Round "3.3"]
[White "Spasojevic, Luka"]
[Black "Sleypen, Curtis"]
[Result "0-1"]
[WhiteElo "1266"]
[BlackElo "1570"]
[PlyCount "60"]
[EventDate "2020.10.24"]
[EventType "swiss (rapid)"]
[EventRounds "6"]
[EventCountry "CAN"]

1. d4 e6 2. Bf4 f5 3. e3 Nf6 4. Nf3 Be7 5. Bc4 d6 6. h3 a6 7. a4 h6 8. Nbd2 g5
9. Bh2 g4 10. hxg4 Nxg4 11. Bg3 b6 12. c3 Qd7 13. Nh4 Bg5 14. Nhf3 Bf6 15. e4
Qe7 16. Qe2 c5 17. dxc5 bxc5 18. exf5 exf5 19. Qxe7+ Bxe7 20. Bd5 Ra7 21. Nc4
Nf6 22. Nxd6+ Bxd6 23. Bxd6 Rd7 24. Bxb8 Rxd5 25. O-O Bb7 26. Be5 Kf7 27. Bxf6
Kxf6 28. Rfe1 Rg8 29. g3 f4 30. Kg2 Rd3 0-1

[Event "Jack Taylor mem Online"]
[Site "chess.com"]
[Date "2020.10.24"]
[Round "3.4"]
[White "O'Connor-Richardson, Darien"]
[Black "Lehingrat, Callum"]
[Result "0-1"]
[WhiteElo "1082"]
[BlackElo "1913"]
[PlyCount "88"]
[EventDate "2020.10.24"]
[EventType "swiss (rapid)"]
[EventRounds "6"]
[EventCountry "CAN"]

1. e4 c5 2. c3 d5 3. exd5 Qxd5 4. Nf3 Nc6 5. d4 Bg4 6. Be2 e6 7. dxc5 Qxd1+ 8.
Bxd1 Bxc5 9. Nbd2 Nf6 10. O-O O-O 11. a4 Rac8 12. h3 Bf5 13. Re1 Rfd8 14. Nb3
Bd6 15. Nbd4 Bg6 16. Bg5 Be7 17. Nxc6 Rxc6 18. Ne5 Rcc8 19. Nxg6 hxg6 20. Bf3
Nd5 21. Bxe7 Nxe7 22. Red1 Nc6 23. Bxc6 bxc6 24. b4 Kf8 25. Kf1 Ke7 26. Ke2 Rd5
27. Rd2 Rcd8 28. Rad1 Rxd2+ 29. Rxd2 Rxd2+ 30. Kxd2 Kd6 31. Kd3 e5 32. c4 g5
33. Ke4 g6 34. g4 Ke6 35. b5 cxb5 36. axb5 f5+ 37. gxf5+ gxf5+ 38. Kd3 Kd6 39.
f4 exf4 40. Kd4 g4 41. hxg4 fxg4 42. Ke4 g3 43. Kf3 Kc5 44. Ke2 Kxc4 0-1

[Event "Jack Taylor mem Online"]
[Site "chess.com"]
[Date "2020.10.24"]
[Round "3.5"]
[White "Luu, Tran Nguyen Khoi"]
[Black "Zhou, Alex"]
[Result "1/2-1/2"]
[WhiteElo "1776"]
[BlackElo "1232"]
[PlyCount "54"]
[EventDate "2020.10.24"]
[EventType "swiss (rapid)"]
[EventRounds "6"]
[EventCountry "CAN"]

1. d4 d5 2. c4 c6 3. Nf3 Nf6 4. Nc3 dxc4 5. a4 e6 6. e4 Bb4 7. Qc2 b5 8. Bd2
Bb7 9. e5 Nd5 10. Ne4 Bxd2+ 11. Nfxd2 O-O 12. Nc5 Bc8 13. Qe4 f5 14. exf6 Nxf6
15. Qh4 h6 16. Be2 Nbd7 17. Nxe6 Qe7 18. Nxf8 Nxf8 19. Qf4 Bg4 20. Qe5 Qb4 21.
f3 c3 22. bxc3 Qxc3 23. Rd1 Re8 24. Qg3 Bf5 25. Kf1 Bd3 26. Ne4 Bxe2+ 27. Kxe2
Qc2+ 1/2-1/2

[Event "Jack Taylor mem Online"]
[Site "chess.com"]
[Date "2020.10.24"]
[Round "3.6"]
[White "Zhang, Joyce"]
[Black "He, Matthew"]
[Result "1-0"]
[WhiteElo "1383"]
[BlackElo "1769"]
[PlyCount "207"]
[EventDate "2020.10.24"]
[EventType "swiss (rapid)"]
[EventRounds "6"]
[EventCountry "CAN"]

1. e4 c6 2. d4 d5 3. Nd2 dxe4 4. Nxe4 Bf5 5. Ng3 Bg6 6. Nf3 Nd7 7. Bc4 e6 8.
Bf4 Ngf6 9. Bd3 Bxd3 10. Qxd3 Be7 11. O-O Qb6 12. b3 Rc8 13. c4 O-O 14. Rad1
Rfd8 15. Qc2 Qa6 16. Rfe1 b5 17. Rb1 Nb6 18. c5 Nbd5 19. Bd2 b4 20. Ne5 Qb5 21.
f3 Nc7 22. Qb2 Rd5 23. Ne4 Rcd8 24. Be3 Qa6 25. Nc4 Nb5 26. Rbd1 Nxe4 27. fxe4
R5d7 28. Ne5 Rc7 29. Bf4 Rcc8 30. Qe2 Qb7 31. Qc4 Nc3 32. Ra1 Qb5 33. Nf3 Bf6
34. e5 Be7 35. Bd2 Nd5 36. a3 bxa3 37. Rxa3 Ra8 38. Rea1 Rd7 39. Ra5 Qb7 40.
Ng5 Bxg5 41. Bxg5 Rb8 42. R1a3 h6 43. Bd2 Ra8 44. Qa4 Nc7 45. Rxa7 Rxa7 46.
Qxa7 Qxa7 47. Rxa7 Rxd4 48. Rxc7 Rxd2 49. Rxc6 Kf8 50. Rc7 Rb2 51. Rb7 Rc2 52.
b4 Ke8 53. Rb6 Kd7 54. Rb7+ Ke8 55. Ra7 Rc4 56. Ra4 f6 57. exf6 gxf6 58. Ra8+
Kd7 59. Ra7+ Ke8 60. Ra6 Kd7 61. Rb6 e5 62. Rxf6 Rxb4 63. Rxh6 Rc4 64. c6+ Kc7
65. Re6 Re4 66. Kf2 Kb6 67. g3 Kc7 68. Kf3 Re1 69. h4 Kb6 70. h5 Kc7 71. g4
Rf1+ 72. Kg2 Rf4 73. Kg3 Re4 74. h6 Re1 75. g5 e4 76. Kf4 Rg1 77. Rxe4 Rf1+ 78.
Ke3 Kxc6 79. h7 Re1+ 80. Kf3 Rf1+ 81. Ke2 Rh1 82. g6 Rh2+ 83. Kd3 Rh6 84. g7
Rh3+ 85. Re3 Rxh7 86. g8=Q Rd7+ 87. Kc4 Kc7 88. Qg3+ Kc6 89. Re6+ Kb7 90. Qb3+
Kc8 91. Rc6+ Kd8 92. Qb6+ Ke7 93. Rc7 Rxc7+ 94. Qxc7+ Ke6 95. Qc5 Kd7 96. Qb6
Ke7 97. Qc6 Kf7 98. Qd6 Kg7 99. Qe6 Kh7 100. Kd5 Kg7 101. Ke5 Kf8 102. Qd7 Kg8
103. Kf6 Kh8 104. Qg7# 1-0

[Event "Jack Taylor mem Online"]
[Site "chess.com"]
[Date "2020.10.24"]
[Round "3.7"]
[White "Zheng, Yawen"]
[Black "Jose, Marionito"]
[Result "1-0"]
[WhiteElo "1256"]
[BlackElo "1677"]
[PlyCount "45"]
[EventDate "2020.10.24"]
[EventType "swiss (rapid)"]
[EventRounds "6"]
[EventCountry "CAN"]

1. c4 Nf6 2. Nc3 g6 3. g3 Bg7 4. Bg2 O-O 5. Nf3 d6 6. d3 Nbd7 7. O-O e5 8. Rb1
a6 9. b4 Rb8 10. a4 c5 11. Ba3 Qe7 12. Nd2 Re8 13. bxc5 Nxc5 14. Nde4 Nfxe4 15.
Nxe4 Nxe4 16. Bxe4 f5 17. Bd5+ Be6 18. Bxe6+ Qxe6 19. Rb6 Red8 20. c5 Bf8 21.
Qb1 Qd5 22. c6 bxc6 23. Rxb8 1-0

[Event "Jack Taylor mem Online"]
[Site "chess.com"]
[Date "2020.10.24"]
[Round "3.8"]
[White "Haines, Duncan"]
[Black "Sullivan, Brian"]
[Result "0-1"]
[WhiteElo "1875"]
[BlackElo "1335"]
[PlyCount "84"]
[EventDate "2020.10.24"]
[EventType "swiss (rapid)"]
[EventRounds "6"]
[EventCountry "CAN"]

1. d4 d5 2. c4 c6 3. Nf3 Nf6 4. e3 e6 5. Nc3 a6 6. Bd3 Nbd7 7. O-O dxc4 8. Bxc4
b5 9. Be2 Bb7 10. a3 Bd6 11. e4 Bc7 12. e5 Nd5 13. Ne4 O-O 14. b4 a5 15. Bd2 f6
16. exf6 N7xf6 17. Nc5 Bc8 18. Bg5 h6 19. Bd2 Nf4 20. Bxf4 Bxf4 21. Qb3 Nd5 22.
g3 Bd6 23. Ne5 Bxe5 24. dxe5 a4 25. Qc2 Ra7 26. Rac1 Raf7 27. Qe4 Qg5 28. h4
Qf5 29. Qxf5 Rxf5 30. Nd3 g5 31. Bg4 R5f7 32. hxg5 hxg5 33. Rxc6 Ne3 34. Rfc1
Nxg4 35. Rxc8 Kg7 36. Rxf8 Kxf8 37. Kg2 Rd7 38. Rc3 Kf7 39. Kf3 Rd4 40. Kg2 Kg6
41. f4 Ne3+ 42. Kf2 Nd1+ 0-1

[Event "Jack Taylor mem Online"]
[Site "chess.com"]
[Date "2020.10.24"]
[Round "3.9"]
[White "Dunikov, Glib"]
[Black "Pitre, Hanniegn"]
[Result "0-1"]
[WhiteElo "1471"]
[BlackElo "1864"]
[PlyCount "52"]
[EventDate "2020.10.24"]
[EventType "swiss (rapid)"]
[EventRounds "6"]
[EventCountry "CAN"]

1. e4 d5 2. Nf3 dxe4 3. Ng5 Nf6 4. Nc3 Bg4 5. Be2 Bf5 6. Bc4 e6 7. f3 exf3 8.
Qxf3 Bc5 9. Qf4 O-O 10. d3 Qd4 11. Qxd4 Bxd4 12. Nb5 Bb6 13. Bf4 Na6 14. a3 Nd5
15. Bxd5 exd5 16. Rf1 Rfe8+ 17. Kd2 Bg6 18. a4 Ba5+ 19. c3 Nc5 20. Ra3 Bxd3 21.
Rf3 Re2+ 22. Kd1 Rxb2 23. Rg3 Re8 24. Be3 Nb3 25. Nd4 Rb1+ 26. Bc1 Rxc1# 0-1

[Event "Jack Taylor mem Online"]
[Site "chess.com"]
[Date "2020.10.24"]
[Round "3.10"]
[White "Escandor, Manuel Omana"]
[Black "Fraser, Dylan"]
[Result "0-1"]
[WhiteElo "1450"]
[BlackElo "1825"]
[PlyCount "104"]
[EventDate "2020.10.24"]
[EventType "swiss (rapid)"]
[EventRounds "6"]
[EventCountry "CAN"]

1. e4 d5 2. exd5 Nf6 3. Bc4 Nxd5 4. Qf3 e6 5. Nc3 Nxc3 6. Qxc3 Nc6 7. Nf3 Bd7
8. O-O Qe7 9. a3 O-O-O 10. d4 f6 11. b4 e5 12. d5 Nd4 13. Nxd4 exd4 14. Qxd4
Kb8 15. Be3 b6 16. Rfe1 Re8 17. Bf4 Qd8 18. d6 c6 19. Bf7 Rxe1+ 20. Rxe1 g5 21.
Re8 Bxe8 22. d7+ Kb7 23. dxe8=Q Qxd4 24. Qb8+ Ka6 25. Qc8+ Kb5 26. c4+ Ka4 27.
Qa6+ Kb3 28. c5+ Kc3 29. Qe2 gxf4 30. h3 bxc5 31. Qa2 c4 32. Qa1+ Kd3 33. Qd1+
Ke4 34. Qe2+ Kf5 35. Qg4+ Ke4 36. Qe2+ Kf5 37. Qh5+ Ke4 38. Qf3+ Ke5 39. Qg4 f5
40. Qe2+ Qe4 41. Qb2+ Qd4 42. Qe2+ Kd6 43. Bxc4 Kc7 44. Qe6 Bd6 45. Qf7+ Kb6
46. a4 Qd1+ 47. Kh2 f3+ 48. g3 Qxa4 49. Qxf5 Qxb4 50. Bd3 Rf8 51. Qxh7 Qe1 52.
Qh4 Qxf2+ 0-1

[Event "Jack Taylor mem Online"]
[Site "chess.com"]
[Date "2020.10.25"]
[Round "4.1"]
[White "Imoo, Joshua"]
[Black "Sleypen, Curtis"]
[Result "1-0"]
[WhiteElo "1537"]
[BlackElo "1570"]
[PlyCount "51"]
[EventDate "2020.10.24"]
[EventType "swiss (rapid)"]
[EventRounds "6"]
[EventCountry "CAN"]

1. e4 c6 2. d4 d5 3. Nc3 dxe4 4. Nxe4 Bf5 5. Ng3 Bg6 6. h4 h6 7. Nf3 Nd7 8. h5
Bh7 9. Bd3 Bxd3 10. Qxd3 e6 11. Bf4 Ngf6 12. O-O-O Qa5 13. Kb1 Nd5 14. Bd2 Qc7
15. c4 Nf4 16. Qe4 Nxg2 17. Ne5 Nxe5 18. dxe5 Bc5 19. Qxg2 Qxe5 20. Bc3 Qg5 21.
Qf3 O-O 22. Ne4 Qe7 23. Rdg1 f6 24. Qg3 e5 25. Nxc5 Qxc5 26. Qxg7# 1-0

[Event "Jack Taylor mem Online"]
[Site "chess.com"]
[Date "2020.10.25"]
[Round "4.2"]
[White "Pillai, Varun"]
[Black "Zhang, Joyce"]
[Result "1-0"]
[WhiteElo "1087"]
[BlackElo "1383"]
[PlyCount "143"]
[EventDate "2020.10.24"]
[EventType "swiss (rapid)"]
[EventRounds "6"]
[EventCountry "CAN"]

1. e4 c5 2. Nf3 d6 3. Bb5+ Nd7 4. Nc3 Ngf6 5. O-O a6 6. Be2 e6 7. d3 Be7 8. Re1
O-O 9. h3 Qc7 10. b3 b5 11. Bf1 Bb7 12. Bb2 Rfe8 13. Ne2 Nf8 14. Ng3 Ng6 15.
Be2 Rad8 16. Qd2 h6 17. Rad1 Rc8 18. Rc1 b4 19. Ra1 a5 20. a4 d5 21. exd5 Nxd5
22. Nh5 f6 23. Qd1 Ndf4 24. Nxf4 Nxf4 25. Bf1 Bd6 26. Rb1 Qc6 27. Re3 Qc7 28.
Nd2 Nd5 29. Re1 Nf4 30. Ne4 Nxh3+ 31. gxh3 Bh2+ 32. Kh1 f5 33. Bg2 fxe4 34. Qg4
Be5 35. Bxe5 Qxe5 36. Bxe4 Bxe4+ 37. Rxe4 Qf6 38. Rg1 Re7 39. Rf4 Qe5 40. Qf3
Qd5 41. Re1 Rcc7 42. Rf8+ Kh7 43. Re4 Qd7 44. Rg4 Rf7 45. Qe4+ Rf5 46. Qa8 Rxf8
47. Qxf8 Qd5+ 48. Kg1 Qd7 49. Qf4 Rc8 50. Qe4+ Kh8 51. Qe5 Qf7 52. Rf4 Qg6+ 53.
Kf1 Qe8 54. Rc4 Qc6 55. Rg4 Rc7 56. Rg6 Re7 57. Rxh6+ Kg8 58. Qg3 Qh1+ 59. Ke2
Qc1 60. Rg6 Qxc2+ 61. Kf1 Qxb3 62. Qb8+ Kh7 63. Rg4 Qxd3+ 64. Kg1 Qxh3 65. Qf4
Qc3 66. Qe4+ Kg8 67. Qa8+ Kf7 68. Rf4+ Kg6 69. Qe4+ Kh5 70. Rh4+ Kg5 71. Rg4+
Kf6 72. Qf4# 1-0

[Event "Jack Taylor mem Online"]
[Site "chess.com"]
[Date "2020.10.25"]
[Round "4.3"]
[White "Pitre, Hanniegn"]
[Black "Zheng, Yawen"]
[Result "1-0"]
[WhiteElo "1864"]
[BlackElo "1256"]
[PlyCount "85"]
[EventDate "2020.10.24"]
[EventType "swiss (rapid)"]
[EventRounds "6"]
[EventCountry "CAN"]

1. e4 e6 2. d4 d5 3. e5 c5 4. f4 Qb6 5. Nf3 Nc6 6. a3 Nh6 7. Bd3 cxd4 8. b4 a6
9. Nbd2 Bd7 10. Nb3 a5 11. b5 Na7 12. a4 Bb4+ 13. Bd2 Bc3 14. O-O Bxa1 15. Bxa5
Ng4 16. Qxa1 Nxb5 17. Bxb6 Nc3 18. a5 O-O 19. Bxd4 Nb5 20. h3 Nh6 21. g4 Nxd4
22. Qxd4 f6 23. Nc5 Bc8 24. exf6 Rxa5 25. fxg7 Rf7 26. Bxh7+ Kxh7 27. Ng5+ Kg8
28. Nxf7 Nxf7 29. f5 e5 30. Qxd5 b6 31. f6 Rxc5 32. Qb3 Rc6 33. g5 Be6 34. Qg3
Rc7 35. g6 Nh6 36. Qxe5 Rc6 37. Qb8+ Rc8 38. Qxc8+ Bxc8 39. f7+ Nxf7 40. gxf7+
Kxg7 41. f8=Q+ Kh7 42. Rf6 Bxh3 43. Rh6# 1-0

[Event "Jack Taylor mem Online"]
[Site "chess.com"]
[Date "2020.10.25"]
[Round "4.4"]
[White "Pangilinan, Emmanuel"]
[Black "Caluza, Severo (Juni)"]
[Result "1-0"]
[WhiteElo "1531"]
[BlackElo "1835"]
[PlyCount "69"]
[EventDate "2020.10.24"]
[EventType "swiss (rapid)"]
[EventRounds "6"]
[EventCountry "CAN"]

1. e4 c6 2. f4 d5 3. e5 Nh6 4. Nc3 d4 5. Ne4 Nf5 6. Bc4 e6 7. Nf3 b5 8. Bb3 c5
9. d3 Bb7 10. Qe2 Be7 11. O-O a5 12. a4 Bd5 13. Bxd5 Qxd5 14. axb5 Nd7 15. c4
dxc3 16. bxc3 Qb3 17. c4 Nd4 18. Nxd4 cxd4 19. Bd2 Bb4 20. Bxb4 Qxb4 21. Nd6+
Ke7 22. f5 f6 23. exf6+ Kxd6 24. Qxe6+ Kc7 25. Qc6+ Kb8 26. fxg7 Rd8 27. g8=Q
Rxg8 28. Qxd7 Ra7 29. Qxd4 Rag7 30. Rf2 Rg4 31. Qe5+ Kc8 32. f6 Rxg2+ 33. Rxg2
Rxg2+ 34. Kxg2 Qb2+ 35. Qxb2 1-0